| 000 | 00603nam a2200193 i 4500 | ||
|---|---|---|---|
| 001 | 72660 | ||
| 003 | ES-MaACL | ||
| 005 | 20230906171518.0 | ||
| 007 | t| | ||
| 008 | 040902s1943 xxk ||||1| eng d | ||
| 100 | 1 |
_aGodwin, Frank. _957548 |
|
| 245 | 1 | 4 |
_aThe principles and practice of fire insurance in The United Kingdom / _cby Frank Godwin. |
| 250 | _a6th ed. | ||
| 260 |
_aLondon : _bIsaac Pitman, _c[1943] ( _fBath) |
||
| 300 |
_aVII, 140 p. : _bil. ; _c22 cm. |
||
| 500 | _aLos apéndices III(b) y III(e) pleg. | ||
| 852 |
_aES-MaACL _jC-5367 _bR.25477 |
||
| 852 |
_aES-MaACL _jC-5381 _bR.25600 |
||
| 999 |
_c72660 _d72660 |
||